2005年以降の上場企業商号変更 - Statistics

General Stats
  • This quiz has been taken 35 times
  • The average score is 22 of 100
Answer Stats
変更日 変更後 変更前 % Correct
2008/10/01 パナソニック 松下電器産業
79%
2023/10/01 TOPPANホールディングス 凸版印刷
79%
2019/09/02 東急 東京急行電鉄
76%
2013/04/01 ANAホールディングス 全日本空輸
72%
2021/10/01 マツキヨココカラ&カンパニー マツモトキヨシホールディングス
72%
2006/03/01 タカラトミー トミー
69%
2022/04/01 UBE 宇部興産
62%
2022/12/01 ニッスイ 日本水産
62%
2007/07/01 IHI 石川島播磨重工業
55%
2018/07/01 AGC 旭硝子
55%
2019/10/01 Zホールディングス ヤフー
55%
2023/10/01 LINEヤフー Zホールディングス
55%
2005/10/01 セイノーホールディングス 西濃運輸
52%
2012/10/01 新日鐵住金 新日本製鐵
52%
2017/04/01 SUBARU 富士重工業
52%
2019/04/01 日本製鉄 新日鐵住金
48%
2021/01/01 ニップン 日本製粉
48%
2023/04/01 ニデック 日本電産
45%
2020/10/01 TBSホールディングス 東京放送ホールディングス
41%
2016/10/01 SOMPOホールディングス 損保ジャパン日本興亜ホールディングス
38%
2017/01/21 ダイドーグループホールディングス ダイドードリンコ
38%
2006/10/01 DOWAホールディングス 同和鉱業
34%
2011/07/01 アサヒグループホールディングス アサヒビール
34%
2012/10/01 日本テレビホールディングス 日本テレビ放送網
34%
2021/10/01 ジャノメ 蛇の目ミシン工業
34%
2007/07/01 キリンホールディングス 麒麟麦酒
31%
2013/01/01 KNT-CTホールディングス 近畿日本ツーリスト
31%
2017/10/01 マクセルホールディングス 日立マクセル
28%
2018/04/01 三井E&Sホールディングス 三井造船
28%
2019/02/01 パン・パシフィック・インターナショナルホールディングス ドンキホーテホールディングス
28%
2021/04/01 INPEX 国際石油開発帝石
28%
2021/04/01 FOOD & LIFE COMPANIES スシローグローバルホールディングス
28%
2005/04/01 アステラス製薬 山之内製薬
24%
2005/07/01 SBIホールディングス ソフトバンク・インベストメント
24%
2020/06/25 ENEOSホールディングス JXTGホールディングス
24%
2005/10/01 クレハ 呉羽化学工業
21%
2009/10/01 学研ホールディングス 学習研究社
21%
2019/01/01 TOYO TIRE 東洋ゴム工業
21%
2022/04/01 住友ファーマ 大日本住友製薬
21%
2006/07/01 グリーンランドリゾート 三井グリーンランド
17%
2007/10/01 エイチ・ツー・オー リテイリング 阪急百貨店
17%
2012/07/01 LIXILグループ 住生活グループ
17%
2015/10/01 デンカ 電気化学工業
17%
2016/07/15 IDOM ガリバーインターナショナル
17%
2016/10/01 めぶきフィナンシャルグループ 足利ホールディングス
17%
2022/10/01 MIRARTHホールディングス タカラレーベン
17%
2023/01/01 レゾナック・ホールディングス 昭和電工
17%
2005/10/01 ホッカンホールディングス 北海製罐
14%
2008/04/01 DIC 大日本インキ化学工業
14%
2010/07/01 岩井コスモホールディングス 岩井証券
14%
2018/10/01 ZOZO スタートトゥデイ
14%
2022/09/01 アークランズ アークランドサカモト
14%
2006/05/01 ADECA 旭電化工業
10%
2006/08/01 カーチス ライブドアオート
10%
2007/05/15 TOTO 東陶機器
10%
2007/10/01 三和ホールディングス 三和シャッター
10%
2013/01/01 日本取引所グループ 大阪証券取引所
10%
2013/04/01 EIZO ナナオ
10%
2014/10/01 SCREENホールディングス 大日本スクリーン製造
10%
2018/07/01 北越コーポレーション 北越紀州製紙
10%
2019/11/28 出前館 夢の街創造委員会
10%
2020/03/31 ナイス すてきナイスグループ
10%
2022/10/01 KPPグループホールディングス 国際紙パルプ商事
10%
2023/01/01 ウェルネオシュガー 日新製糖
10%
2023/04/01 SWCC 昭和電線ホールディングス
10%
2023/06/01 BSNメディアホールディングス 新潟放送
10%
2024/01/01 artience 東洋インキSCホールディングス
10%
2006/01/01 ジェイテクト 光洋精工
7%
2006/09/01 イオンディライト ジャパンメンテナンス
7%
2006/10/01 寿スピリッツ 寿製菓
7%
2008/07/01 東京海上ホールディングス ミレアホールディングス
7%
2009/10/01 品川リフラクトリーズ 品川白煉瓦
7%
2010/03/01 筑波銀行 関東つくば銀行
7%
2010/04/01 MS&ADインシュアランスグループホールディングス 三井住友海上グループホールディングス
7%
2015/05/01 日本ハウスホールディングス 東日本ハウス
7%
2016/10/01 湖池屋 フレンテ
7%
2017/07/01 パーソルホールディングス テンプホールディングス
7%
2017/09/01 DDホールディングス ダイヤモンドダイニング
7%
2017/10/06 NISSHA 日本写真印刷
7%
2005/01/01 ダイナパック 大日本紙業
3%
2005/04/01 ティラド 東洋ラジエーター
3%
2005/06/01 GMOインターネット グローバルメディアオンライン
3%
2006/01/01 ライブドアオート ジャック・ホールディングス
3%
2006/09/01 タビオ ダン
3%
2007/02/28 ケーズホールディングス ギガスケーズデンキ
3%
2010/10/01 NSユナイテッド海運 新和海運
3%
2012/07/01 ヒューリック 昭栄
3%
2012/09/01 ウエルシアホールディングス グローウェルホールディングス
3%
2012/09/01 バイク王&カンパニー アイケイコーポレーション
3%
2015/10/01 片倉コープアグリ 片倉チッカリン
3%
2017/04/01 ジンズ ジェイアイエヌ
3%
2017/10/01 三菱ロジスネクスト ニチユ三菱フォークリフト
3%
2021/10/01 YU-WA Creation Holdings 京都きもの友禅
3%
2023/06/01 ジェイドグループ ロコンド
3%
2017/10/01 手間いらず 比較.com
3%
2015/10/01 カドカワ KADOKAWA・DWANGO
3%
2014/09/01 損保ジャパン日本興亜ホールディングス NKSJホールディングス
3%
2017/12/01 USEN-NEXT HOLDINGS U-NEXT
3%
2005/11/01 リゾートソリューション ミサワリゾート
0%
2006/07/01 極楽湯 自然堂
0%
No matching quizzes found
Score Distribution
Percent of People with Each Score
Percentile by Number Answered
Your Score History
You have not taken this quiz